The development of fundamental theology

Uloženo v:
Podrobná bibliografie
Hlavní autor: Metz, Johannes B.
Médium: Kniha
Jazyk:angličtina
Vydáno: New York Paulist Press c1969
Témata:
Tagy: Přidat tag
Žádné tagy, Buďte první, kdo vytvoří štítek k tomuto záznamu!

MARC

LEADER 00000nam a22000005a 4500
003 CL-ChBUA
005 20120815091608.0
008 081219s1969 xxu||||| |||| 000 ||eng
040 |a CL-ChBUA  |c CL-ChBUA 
082 0 0 |a 282 
090 |c 25718  |d 25718 
100 1 |a Metz, Johannes B. 
245 1 0 |a The development of fundamental theology 
260 |a New York  |b Paulist Press  |c c1969 
300 |a 180 p.  |c 24 cm. 
504 |a índice 
650 4 |a IGLESIA CATOLICA - DOCTRINAS 
650 4 |a APOLOGETICA - HISTORIA 
942 |c LIB 
952 |0 0  |1 0  |4 0  |7 0  |9 60362  |a UNACH  |b UNACH  |c 200  |d 2008-12-19  |l 0  |o 282 / D 489  |p 61497  |r 2012-12-27 00:00:00  |u 60362  |w 2012-08-08  |y LIB  |k 282 / D 489 
999 |c 25718  |d 25718